|
|
|
|
| LEADER |
00747nab#a2200289#ar4500 |
| 001 |
000113549 |
| 003 |
SVKKK |
| 005 |
20140826111759.0 |
| 008 |
130826c2014 xr |||||||||||||||b|cze |
| FMT |
|
|
|
| 038 |
|
|
|a SVKKK
|
| 040 |
|
|
|a SVKKK
|b slo
|e AACR2
|
| 041 |
0 |
|
|a cze
|
| 044 |
|
|
|a xr
|c CZ
|
| 080 |
|
|
|a 621.74.045
|2 2008
|
| 080 |
|
|
|a 539.3/.5
|2 2008
|
| 100 |
1 |
|
|a Regheere, Gilles
|4 aut
|
| 245 |
1 |
0 |
|a Porovnání různých materiálů proti tepelné únavě
|c Gilles Regheere
|
| 650 |
0 |
4 |
|a odliatky
|x tepelná únava
|
| 650 |
0 |
4 |
|a tepelná únava
|
| 650 |
0 |
4 |
|a mechanické vlastnosti
|
| 773 |
0 |
|
|t Slévárenství
|g Roč. LXII, č. 3-4 (2014), s. 120
|x 0037-6825
|
| 974 |
|
|
|a MI
|
| 992 |
|
|
|a RBX
|
| BAS |
|
|
|
| 852 |
|
|
|a SVKKK
|b BIB
|
| 998 |
|
|
|a HUT
|